| 000 | 00716nam a2200241 i 4500 | ||
|---|---|---|---|
| 003 | DO-SdBNP | ||
| 005 | 20230623102139.0 | ||
| 006 | a||||gr|||| 00| 0 | ||
| 007 | ta | ||
| 008 | 230623e1995 dr a|||| |||| 00| 0 spa d | ||
| 040 |
_aDO-SdBNP _bspa _cBNPHU _erda |
||
| 082 | 4 |
_222 _bP421r |
|
| 100 | 1 |
_950037 _aPepén, Juan F., _eMoseñor |
|
| 245 | 1 | 0 |
_aRiquezas del espíritu. / _cJuan F. Pepén |
| 250 | _a5ta. edición revisada y aumentada | ||
| 264 | 1 |
_aSanto Domingo : _bMSC, _c1995 |
|
| 300 |
_a169 páginas : _bIlustraciones; _c15 cm. |
||
| 336 |
_2rdaconten _atexto _btxt |
||
| 337 |
_2rdamedia _asin medición _bn |
||
| 338 |
_2rdacarrier _avolumen _bnc |
||
| 590 | _aInventariado 2023 / MF | ||
| 942 |
_2ddc _cLBS1 |
||
| 999 |
_c53919 _d53919 |
||